| 000 | 00746nam a2200241 a 4500 | ||
|---|---|---|---|
| 999 |
_c3803 _d3803 |
||
| 001 | 3803 | ||
| 003 | BD-JhCC | ||
| 005 | 20210329134019.0 | ||
| 008 | 171118s19872011bg |||| ||a| 000 0 ben d | ||
| 020 | _a9789840413782 | ||
| 035 | _a(BD-JhCC)3803 | ||
| 040 |
_aBD-JhCC _dBD-JhCC |
||
| 041 | _aben | ||
| 082 |
_a306.2 _bSHA 2011 |
||
| 100 | _aশরীফ, আহমদ | ||
| 245 |
_aবাঙালীর চিন্তা-চেতনার বিবর্তনধারা / _cআহমদ শরীফ, |
||
| 260 |
_aঢাকা : _bআগামী প্র্রকাশনী, _c2011 |
||
| 300 |
_a175 p. : _c22 cm. |
||
| 650 | _aSocio-Cultural Thought | ||
| 650 | _aPolitical Sociology | ||
| 942 |
_2ddc _cBK _04 |
||